000 00488nam a2200181Ia 4500
005 20250508152911.0
008 008 250505s9999 xx 000 0 eng d
037 _aTextual
040 _aFEDL
_beng
_cFEDL
041 _aeng
_2eng
084 _a950, EDW
_qFEDL
100 _aEdwardes Michael
245 0 _aAsia in the European age, 1498-1955
260 _aLondon, UK
_bThames and Hudson
_c1961
300 _a351p
942 _cTEXL
_h950, EDW
999 _c1339504
_d1339504